00611nam a2200193Ia 4500003000900000008004100009020001800050040001600068080001700084100003400101245005400135260004200189300001000231490004300241650001500284942000700299999001700306952009400323IN-BaIIA211028s9999 xx 000 0 eng d a90-277-0399-X cIIA Library a523.987bTAN aTanberg-Hanssen, Einar935765 0aSolar prominencesbvol. 12cEinar Tanberg-Hanssen aDordrechtbD. Reidel Publishingc1974 a155p. aGeophysics and astrophysics monographs aSolar9910 cBK c18680d18680 00104070aBANbKODcGENd2013-05-07l0o523.987/ TANp19602r2021-11-05w2013-05-07yBK